The conscious reader

保存先:
書誌詳細
第一著者: C Shiodes
フォーマット: 図書
言語:Undetermined
出版事項: New York Macmillan 1960
主題:
タグ: タグ追加
タグなし, このレコードへの初めてのタグを付けませんか!
Thư viện lưu trữ: Trung tâm Học liệu Trường Đại học Cần Thơ
LEADER 00414nam a2200169Ia 4500
001 CTU_13743
008 210402s9999 xx 000 0 und d
082 |a 808.042 
082 |b C586 
100 |a C Shiodes 
245 4 |a The conscious reader 
245 0 |c C Shiodes 
260 |a New York 
260 |b Macmillan 
260 |c 1960 
650 |a readers 
980 |a Trung tâm Học liệu Trường Đại học Cần Thơ